000 00943nam a2200265 a 4500
001 46054
003 BD-RjUL
005 20211209054113.0
008 160730s1914 ii b 000 0 eng d
035 _a(BD-RjUL)46172
040 _aBD-RjUL
_beng
_cBD-RjUL
_dBD-RjUL
041 1 _aeng
_hger
082 _223
_bWEH 1914
_a909.09767
100 1 _aWeil, Gustav
_9223896
245 1 2 _aA history of the Islamic peoples :
_b(Translated from the German of Dr. Weil's Geschichte der islamitischen Völker) /
_cby Gustav Weil ; [translted ] by S. Khuda Bukhsh.
246 _aGeschichte der islamitischen Völker
260 _aCalcutta :
_bUniversity of Calcutta,
_c[1914]
300 _avii, 170 p. ;
_c23 cm.
504 _aIncludes bibliography.
650 _aIslamic Empire
_9223898
650 _aIslamic civilization
_9223899
650 _aMuslims
_9223900
700 1 _aKhuda Bukhsh, S.
_q(Salahuddin),
_d1877-1931, tr.
_9223901
942 _2ddc
_cBK
999 _c46054
_d46054